La gestión ambiental en Colombia, 1994 - 2014 (Registro nro. 302833)

Detalles MARC
000 -ENCABEZADO
Número de control [NR] 01163 a2200253 4500
005 - FECHA Y HORA DE LA ÚLTIMA TRANSACCIÓN
control field 20240222132519.0
008 - DE LONGITUD FIJA DE DATOS DE ELEMENTOS - INFORMACIÓN GENERAL
Elementos de longitud fija [NR] 160311s2015 ck abd|gr|||| 000 0 spa d
020 ## - NUMERO INTERNACIONAL NORMALIZADO PARA LIBROS [R]
Número Internacional Normalizado del libro [NR] 9789588677262
040 ## - FUENTE DE CATALOGACION [NR]
Agencia de catalogación original [NR] CO-BoUCM
Idioma de catalogación [NR] spa
Quien Cataloga Sandra Palacio
Quien Clasifica David Moreno (modificó)
041 0# - CODIGO DE IDIOMA [R]
Código de idioma para texto/pista de sonido o título separado [R] Español
100 1# - ASIENTO PRINCIPAL--NOMBRE PERSONAL [NR]
Nombre personal [NR] Guhl Nannetti, Ernesto
ID Autoridad 76150
245 13 - MENCION DE TITULO [NR]
Título [NR] La gestión ambiental en Colombia, 1994 - 2014
Parte restante del título [NR] ¿un esfuerzo insostenible?
Mención de responsabilidad, etc. [NR] Ernesto Guhl Nannetti, Pablo Leyva
260 ## - PUBLICACION, DISTRIBUCION, ETC. (PIE DE IMPRENTA) [R]
Lugar de publicación, distribución, etc. [R] Bogotá, COL
Nombre del editor, distribuidor, etc. [R] Friedrich Ebert Stiftung
-- FNA. Foro Nacional Ambiental
-- Quinaxi
Fecha de publicación, distribución, etc. [R] 2015
300 ## - DESCRIPCION FISICA [R]
Extensión [R] 223 Páginas
Otros detalles físicos [NR] ilustraciones, mapas, tablas, gráficas y diagramas
504 ## - NOTA DE BIBLIOGRAFIA, ETC. [R]
Nota de bibliografía, etc. [NR] Incluye referencias bibliográficas
610 ## - ASIENTO SECUNDARIO DE MATERIA - NOMBRE CORPORATIVO [R]
Nombre corporativo o nombre de la jurisdicción como elemento de entrada [NR] Ministerio de Ambiente
Subdivisión general [R] Historia
Subdivisión cronológica [R] 1994-2014
Subdivisión geográfica [R] Colombia
9 (RLIN) 76151
650 17 - ASIENTO SECUNDARIO DE MATERIA - TERMINO TEMATICO [R]
Término temático o nombre geográfico como elemento de entrada [NR] Política de gestión ambiental
9 (RLIN) 47073
Subdivisión geográfica [R] Colombia
Subdivisión cronológica [R] 1994-2014
650 17 - ASIENTO SECUNDARIO DE MATERIA - TERMINO TEMATICO [R]
Término temático o nombre geográfico como elemento de entrada [NR] Protección del medio ambiente
Subdivisión cronológica [R] 1994-2014
Subdivisión geográfica [R] Colombia
9 (RLIN) 180064
650 17 - ASIENTO SECUNDARIO DE MATERIA - TERMINO TEMATICO [R]
Término temático o nombre geográfico como elemento de entrada [NR] Conservación de los recursos naturales
Subdivisión cronológica [R] 1994-2014
Subdivisión geográfica [R] Colombia
9 (RLIN) 180065
690 ## - ASUNTO AGREGADO LOCAL DE ENTRADA - TÉRMINO TEMÁTICO (OCLC, RLIN)
Acceso temático local Medio ambiente
9 (RLIN) 19225
700 1# - ASIENTO SECUNDARIO - NOMBRE PERSONAL [R]
Nombre personal [NR] Leyva, Pablo
9 (RLIN) 76152
942 ## - ELEMENTOS DE ENTRADA AGREGADOS (KOHA)
Tipo de ítem principal el descrito en 300a Libro
Sistema de clasificación DEWEY
Tema principal Economía
Edición 1
Clasificación 333.7
Parte restante de la signatura top. G942g
Título oculto en OPAC No
Existencias
Fecha de último préstamo Total préstamos Signatura topográfica Código de barras Última vez visto Ejemplar Costo de reposición Price effective from Tipo de ítem Perdido Sistema de clasificación Dañado No prestable Tipo de ítem específico Suprimido Ubicación habitual Ubicación actual Localización Fecha de creación Proveedor Forma de adquisición Costo
01/12/2017 1 333.7 G942g 100148868 03/12/2025 Ej.1 26000.00 29/02/2016 Libro   DEWEY     Libro   Claustro Claustro 4to piso 29/02/2016 12 Donación 0.00